[Event "Werther- Steinfurt"]
[Site "?"]
[Date "2022.11.13"]
[Round "4.3"]
[White "Haselhorst, Helmut"]
[Black "Suchland, Marko"]
[Result "0-1"]
[WhiteElo "2019"]
[BlackElo "2173"]
[PlyCount "92"]
[SourceVersionDate "2023.06.22"]

1. d4 d5 2. Nf3 Nf6 3. c4 e6 4. g3 Be7 5. Bg2 O-O 6. O-O c6 7. Qc2 b6 8. Rd1
Bb7 9. Nbd2 Nbd7 10. e4 dxc4 11. Nxc4 c5 12. e5 Nd5 13. Nd6 Bc6 14. h4 h6 15.
Qe4 Kh8 16. Qg4 Bxd6 17. exd6 N7f6 18. Qh3 Qxd6 19. dxc5 Qxc5 20. Ne5 Bb7 21.
g4 Qe7 22. g5 Ng8 23. g6 f6 24. Nf7+ Rxf7 25. gxf7 Qxf7 26. Be3 Nge7 27. Rac1
Ng6 28. Qg3 Ne5 29. a3 Qh5 30. Rd4 Rg8 31. Kf1 Ba6+ 32. Kg1 Ne7 33. Ra4 Nf5 34.
Qh3 Bb5 35. Rxa7 Nxh4 36. Kh1 Rd8 37. Ra8 Rxa8 38. Bxa8 Be2 39. Bf4 Bf3+ 40.
Bxf3 Nexf3 41. Bg3 Qd5 42. Bxh4 Nxh4+ 43. Kg1 Qg5+ 44. Kh2 Qf4+ 45. Qg3 Qxc1
46. Qxh4 Qxb2 0-1

[Event "Werther- Steinfurt"]
[Site "?"]
[Date "2022.11.13"]
[Round "4.5"]
[White "Raus, Michael"]
[Black "Henkemeier, Markus"]
[Result "0-1"]
[WhiteElo "1934"]
[BlackElo "2037"]
[PlyCount "118"]
[SourceVersionDate "2023.06.22"]

1. e4 c6 2. d4 d5 3. exd5 cxd5 4. Bd3 Nc6 5. c3 Qc7 6. Nf3 Bg4 7. Nbd2 e6 8.
Qa4 Bd6 9. O-O Nf6 10. Re1 O-O 11. a3 a6 12. h3 Bxf3 13. Nxf3 b5 14. Qc2 h6 15.
Qe2 Na5 16. Ne5 Nb3 17. Rb1 Nxc1 18. Rbxc1 Bxe5 19. Qxe5 Qxe5 20. Rxe5 Nd7 21.
Re2 Nb6 22. b3 Rfc8 23. Rec2 Kf8 24. f3 Ke7 25. c4 bxc4 26. bxc4 dxc4 27. Bxc4
Rd8 28. Rb1 Rd6 29. Kf2 Rc8 30. Bd3 Rxc2+ 31. Bxc2 Nc4 32. Bd3 Nxa3 33. Rb3 Nb5
34. Bxb5 axb5 35. Rxb5 Rxd4 36. Ra5 Kf6 37. Rb5 g6 38. Ra5 h5 39. g3 Rd2+ 40.
Kg1 e5 41. Ra8 Kf5 42. Re8 Rd4 43. Kf2 Rd2+ 44. Kg1 f6 45. Re7 h4 46. g4+ Kf4
47. Re6 Kg3 48. Kf1 Rf2+ 49. Ke1 Rxf3 50. g5 fxg5 51. Rxg6 Kf4 52. Rf6+ Ke4 53.
Rg6 Kf5 54. Rg8 Rxh3 55. Kf2 Ra3 56. Rf8+ Kg4 57. Re8 Ra5 58. Kg2 h3+ 59. Kh2
Ra2+ 0-1

[Event "Werther- Steinfurt"]
[Site "?"]
[Date "2022.11.13"]
[Round "4.6"]
[White "Kraetzer, Ruediger"]
[Black "Schmitz, Carolin"]
[Result "1-0"]
[WhiteElo "1956"]
[BlackElo "1760"]
[PlyCount "69"]
[SourceVersionDate "2023.06.22"]

1. d4 d5 2. Bf4 c6 3. c3 Nf6 4. e3 e6 5. Bd3 Bd6 6. Bg3 O-O 7. Nd2 c5 8. Ngf3
Nc6 9. O-O b6 10. Ne5 Bb7 11. f4 cxd4 12. exd4 Ne7 13. Qe2 a6 14. Rae1 Nf5 15.
Bf2 Bc7 16. g4 Nd6 17. Bh4 Nde8 18. Rf3 Qd6 19. Rh3 g6 20. Bg5 Nd7 21. Bh6 Ng7
22. g5 Rfe8 23. Bxg7 Kxg7 24. Qf2 Rh8 25. Qh4 Nxe5 26. fxe5 Qe7 27. Qh6+ Kg8
28. Rf1 Qf8 29. Bxg6 Qxh6 30. Bxf7+ Kf8 31. Rxh6 Ke7 32. Bxe6 Raf8 33. Rxf8
Kxf8 34. Nf1 b5 35. Ne3 1-0

[Event "Hemer- Kirchlengern"]
[Site "?"]
[Date "2022.11.13"]
[Round "4.1"]
[White "Gulatz, Maurice"]
[Black "Runte, Moritz"]
[Result "1-0"]
[WhiteElo "2227"]
[BlackElo "2187"]
[Annotator "daniel"]
[PlyCount "75"]
[SourceVersionDate "2023.06.22"]

1. e4 e5 2. Nf3 Nc6 3. d4 exd4 4. Nxd4 Nf6 5. Nxc6 bxc6 6. e5 Qe7 7. Qe2 Nd5 8.
h4 d6 9. c4 Nb6 10. exd6 cxd6 11. Bg5 Qe5 12. Bf4 Bg4 13. f3 Qxe2+ 14. Bxe2 Be6
15. Nd2 O-O-O 16. O-O-O Kb7 17. Nb3 Be7 18. Rd2 Rd7 19. Rhd1 Rhd8 20. Na5+ Kc7
21. Bd3 c5 22. b4 Kc8 23. Be3 Bxh4 24. f4 Bg4 25. Rh1 Bf6 26. Kc2 cxb4 27. Nc6
Re8 28. Bxb6 axb6 29. Nxb4 Ra7 30. Kb3 Kb7 31. Rxh7 Re1 32. Rh8 Rc1 33. Be4+
Kc7 34. Nd5+ Kd7 35. Nxb6+ Ke7 $11 36. f5 Rc3+ 37. Kb4 Re3 38. Nd5+ 1-0

[Event "Hemer- Kirchlengern"]
[Site "?"]
[Date "2022.11.13"]
[Round "4.2"]
[White "Schmuecker, Marcus"]
[Black "Braun, Peter"]
[Result "1-0"]
[WhiteElo "2223"]
[BlackElo "1887"]
[PlyCount "67"]
[SourceVersionDate "2023.06.22"]

1. d4 e6 2. Nf3 f5 3. Bf4 Nf6 4. c4 b6 5. Nc3 Bb7 6. e3 Bb4 7. Qb3 a5 8. Be2
O-O 9. O-O Bxc3 10. bxc3 Ne4 11. h4 a4 12. Qb2 d6 13. Ng5 Qe7 14. f3 e5 15.
fxe4 exf4 16. d5 fxe4 17. Bg4 Na6 18. exf4 h6 19. Be6+ Kh8 20. Qe2 Nc5 21. Rae1
Rf6 22. f5 hxg5 23. hxg5 Rxe6 24. Qh5+ Rh6 25. gxh6 Qf6 26. hxg7+ Kxg7 27. Qg4+
Kf7 28. Qh5+ Ke7 29. Qh7+ Kd8 30. Re3 Qe7 31. Qg6 Kc8 32. f6 Qf8 33. Qg7 Nd7
34. Rxe4 1-0

[Event "Hemer- Kirchlengern"]
[Site "?"]
[Date "2022.11.13"]
[Round "4.3"]
[White "Knollmann, Benjamin"]
[Black "Leonard, Timo"]
[Result "0-1"]
[WhiteElo "1874"]
[BlackElo "2174"]
[PlyCount "54"]
[SourceVersionDate "2023.06.22"]

1. d4 d5 2. c4 c6 3. Nf3 Nf6 4. Nc3 e6 5. Bg5 dxc4 6. e4 b5 7. e5 h6 8. Bh4 g5
9. Nxg5 hxg5 10. Bxg5 Nbd7 11. exf6 Qb6 12. g3 Bb7 13. Bg2 O-O-O 14. O-O c5 15.
d5 b4 16. Rb1 Ne5 17. Qe2 Nd3 18. Na4 Qd6 19. dxe6 Bxg2 20. e7 Qd7 21. exd8=Q+
Kxd8 22. Kxg2 Qh3+ 23. Kf3 Qh5+ 24. Ke3 Qxg5+ 25. f4 Qd5 26. Rbd1 Bd6 27. Qf3
Qd4+ 0-1

[Event "Hemer- Kirchlengern"]
[Site "?"]
[Date "2022.11.13"]
[Round "4.4"]
[White "Stoering, Marc"]
[Black "Dilger, Tim"]
[Result "1/2-1/2"]
[WhiteElo "1931"]
[BlackElo "1855"]
[PlyCount "83"]
[SourceVersionDate "2023.06.22"]

1. Nf3 Nf6 2. c4 g6 3. g3 Bg7 4. Bg2 O-O 5. O-O d6 6. Nc3 c5 7. d3 Nc6 8. Bd2
Bg4 9. h3 Bd7 10. Rb1 Qc7 11. a3 Rad8 12. b4 b6 13. Kh2 Bc8 14. Qc2 e6 15. Rfe1
Nd7 16. e4 Nde5 17. Be3 Qe7 18. Ng1 Nd4 19. Bxd4 cxd4 20. Nce2 Nd7 21. f4 e5
22. Rf1 h5 23. Nf3 Bh6 24. Rf2 Kg7 25. Rbf1 f6 26. Nh4 Rf7 27. Qd1 Rh8 28. f5
Nf8 29. fxg6 Nxg6 30. Nf5+ Bxf5 31. exf5 Nf8 32. Bd5 Nd7 33. Bxf7 Qxf7 34. Ng1
Be3 35. Rg2 Kf8 36. Nf3 d5 37. Nh4 Ke8 38. Qf3 e4 39. dxe4 Ne5 40. Qd1 dxe4 41.
Ng6 Rh7 42. Qa4+ 1/2-1/2

[Event "Herford- Nienberge"]
[Site "?"]
[Date "2022.11.13"]
[Round "4.1"]
[White "Mikeladze, Berdia"]
[Black "Quelle, Helmut"]
[Result "1/2-1/2"]
[WhiteElo "2138"]
[BlackElo "2112"]
[PlyCount "99"]
[SourceVersionDate "2023.06.22"]

1. Nf3 Nf6 2. d4 g6 3. Nc3 Bg7 4. e4 O-O 5. Bg5 c5 6. d5 h6 7. Bf4 d6 8. h3 b5
9. Qd3 b4 10. Nd1 Nh5 11. Bh2 Ba6 12. Qe3 Bxf1 13. Kxf1 Qb6 14. g4 Nf6 15. Qd3
c4 16. Qxc4 Nbd7 17. Kg2 Rac8 18. Qe2 Rfe8 19. a3 e6 20. axb4 exd5 21. c3 dxe4
22. Nd2 d5 23. Nb3 h5 24. Ra6 Qb7 25. Ne3 Nb6 26. Rha1 Ra8 27. Qb5 hxg4 28.
hxg4 Bh6 29. Qe2 Kg7 30. Bg3 Nc4 31. Nc5 Nxe3+ 32. fxe3 Qc8 33. Rxf6 Kxf6 34.
c4 dxc4 35. Qxc4 Kg7 36. Kh3 Re7 37. Rf1 Qe8 38. Bd6 Bg5 39. Qd4+ f6 40. Bxe7
Qxe7 41. Qd5 Rh8+ 42. Kg2 Re8 43. Kf2 Bh4+ 44. Ke2 Qe5 45. Qxe5 Rxe5 46. Rh1
Bg5 47. Rd1 a5 48. Rd7+ Kg8 49. Rd8+ Kg7 50. Rd7+ 1/2-1/2

[Event "Herford- Nienberge"]
[Site "?"]
[Date "2022.11.13"]
[Round "4.2"]
[White "Stoimenov, Ivan"]
[Black "Gottkehaskamp, Stefan"]
[Result "1-0"]
[WhiteElo "2074"]
[BlackElo "2081"]
[PlyCount "97"]
[SourceVersionDate "2023.06.22"]

1. d4 Nf6 2. Bf4 g6 3. Nc3 d5 4. e3 Bg7 5. h4 h5 6. Nb5 Na6 7. Nf3 Bg4 8. Be2
c6 9. Nc3 Nc7 10. Ne5 Bxe2 11. Qxe2 Nd7 12. O-O-O Nxe5 13. dxe5 Ne6 14. Bg3 Qa5
15. f4 O-O-O 16. Be1 Qb6 17. Bf2 Qa5 18. g4 Nc5 19. gxh5 Rxh5 20. e4 Na4 21.
Rh3 Qb4 22. Nxa4 Qxa4 23. Rd4 Qb5 24. Qxb5 cxb5 25. exd5 b6 26. a4 bxa4 27.
Rxa4 Kb7 28. Rha3 Ra8 29. Re4 Rd8 30. c4 f6 31. Bg3 fxe5 32. fxe5 Rf5 33. d6
exd6 34. exd6 Bf8 35. Re6 a5 36. Rxg6 Rd7 37. Re3 Kc6 38. Re8 Bg7 39. Rc8+ Kb7
40. Re8 Bf8 41. Ree6 Rc5 42. b3 b5 43. Rg5 Rxg5 44. hxg5 bxc4 45. bxc4 Kc6 46.
Kc2 Rb7 47. Re8 Bg7 48. Rc8+ Kb6 49. Bf2+ 1-0

[Event "Herford- Nienberge"]
[Site "?"]
[Date "2022.11.13"]
[Round "4.3"]
[White "Kemper, Georg"]
[Black "Hanisch, Bernd"]
[Result "1/2-1/2"]
[WhiteElo "2006"]
[BlackElo "2039"]
[PlyCount "110"]
[SourceVersionDate "2023.06.22"]

1. d4 Nf6 2. c4 e6 3. g3 Bb4+ 4. Bd2 Be7 5. Bg2 O-O 6. Nf3 d5 7. Qc2 b6 8. O-O
Bb7 9. cxd5 exd5 10. Bf4 c6 11. Ne5 Nfd7 12. Nxd7 Nxd7 13. Nd2 Nf6 14. Nf3 Bd6
15. Bxd6 Qxd6 16. e3 Rfe8 17. Rac1 Ne4 18. Rfd1 h6 19. Nd2 f5 20. Nf3 Rac8 21.
Qa4 a5 22. Qb3 b5 23. Ne5 a4 24. Qd3 Qe6 25. Bh3 Rf8 26. f3 Nd6 27. e4 g6 28.
Re1 dxe4 29. fxe4 c5 30. dxc5 Qxe5 31. Qxd6 Qxd6 32. cxd6 Bxe4 33. Bf1 Rxc1 34.
Rxc1 Rd8 35. Bxb5 Rxd6 36. Bxa4 Rd2 37. b4 Rg2+ 38. Kf1 Rxh2 39. Rc7 Bd5 40.
Bb3 Bxb3 41. axb3 Rd2 42. b5 Rd6 43. b4 Rb6 44. Rc5 Kf7 45. Ke2 Ke7 46. Kd3 Kd7
47. Kc4 Re6 48. Rd5+ Ke7 49. Kc5 h5 50. Rd3 Re5+ 51. Kc4 Re4+ 52. Kb3 g5 53.
Ka4 Re1 54. Rf3 Ra1+ 55. Kb3 Rg1 1/2-1/2

[Event "Herford- Nienberge"]
[Site "?"]
[Date "2022.11.13"]
[Round "4.4"]
[White "Hiller, Stefan"]
[Black "Ringwelski, Marius"]
[Result "1-0"]
[WhiteElo "1943"]
[BlackElo "2013"]
[PlyCount "77"]
[SourceVersionDate "2023.06.22"]

1. e4 c5 2. Nf3 e6 3. d3 Nc6 4. Nbd2 d5 5. g3 Nf6 6. Bg2 Be7 7. O-O O-O 8. Re1
b5 9. e5 Nd7 10. Nf1 a5 11. h4 b4 12. N1h2 Nd4 13. Nxd4 cxd4 14. Qg4 Kh8 15.
Nf3 Qc7 16. Re2 f6 17. Nxd4 Nc5 18. Nf3 f5 19. Qh5 Bd7 20. Nd4 Be8 21. Qf3 Bf7
22. Bf4 Qb6 23. c3 Na4 24. Rc2 Bc5 25. Nb3 bxc3 26. Nxc5 Qxc5 27. bxc3 Rab8 28.
Be3 Qc7 29. Bd4 Rb2 30. Rxb2 Nxb2 31. c4 Na4 32. cxd5 exd5 33. Qxf5 Re8 34. Qf4
Be6 35. Rc1 Qe7 36. Qd2 Qa3 37. Rc6 h6 38. Ra6 Nc5 39. Bxc5 1-0

[Event "Herford- Nienberge"]
[Site "?"]
[Date "2022.11.13"]
[Round "4.5"]
[White "Keller, Dirk"]
[Black "Klemme, Thomas"]
[Result "1/2-1/2"]
[WhiteElo "1949"]
[BlackElo "1967"]
[PlyCount "61"]
[SourceVersionDate "2023.06.22"]

1. c4 Nf6 2. g3 c5 3. Bg2 Nc6 4. Nc3 g6 5. e4 d6 6. Nge2 Bg7 7. O-O O-O 8. d3
h6 9. h3 Bd7 10. Be3 a6 11. Qd2 Kh7 12. f4 Rb8 13. a4 Ne8 14. f5 g5 15. d4 cxd4
16. Nxd4 Be5 17. Nde2 Na5 18. Qd3 Qc8 19. b3 Nxb3 20. Rab1 Nc5 21. Qc2 Nf6 22.
Bd4 Qc7 23. Bxe5 dxe5 24. Ra1 Rfd8 25. Nd5 Nxd5 26. exd5 f6 27. Nc3 Rdc8 28.
Rfc1 Qd6 29. Kf2 Kg7 30. Bf3 b6 31. Bh5 1/2-1/2

[Event "Herford- Nienberge"]
[Site "?"]
[Date "2022.11.13"]
[Round "4.6"]
[White "Heuermann, Heinz- Burkhard"]
[Black "Gottkehaskamp, Philipp"]
[Result "0-1"]
[WhiteElo "1876"]
[BlackElo "2062"]
[PlyCount "158"]
[SourceVersionDate "2023.06.22"]

1. c4 Nf6 2. Nc3 g6 3. e4 d6 4. d4 Bg7 5. f3 O-O 6. Be3 Nc6 7. Qd2 e5 8. Nge2
exd4 9. Nxd4 Bd7 10. Be2 a6 11. g4 Re8 12. h4 Bxg4 13. fxg4 Nxe4 14. Nxe4 Rxe4
15. Nxc6 bxc6 16. Bf3 Rxc4 17. Kf2 Qf6 18. Kg2 Qxb2 19. Qxb2 Bxb2 20. Rad1 d5
21. Rd2 Bg7 22. Rb1 Re8 23. Bf2 Bf8 24. Rdb2 Ba3 25. Rb8 Kf8 26. Rxe8+ Kxe8 27.
Rb3 Bd6 28. Rb2 a5 29. Be3 a4 30. Bg5 Kd7 31. Bd1 Be5 32. Rf2 Ke6 33. Rc2 Rxc2+
34. Bxc2 a3 35. Kf3 c5 36. Bf4 c4 37. Ba4 f6 38. Bb5 Bxf4 39. Kxf4 h6 40. Be8
g5+ 41. hxg5 hxg5+ 42. Ke3 Ke5 43. Bg6 d4+ 44. Kd2 Kf4 45. Bf5 c5 46. Be6 c3+
47. Kd3 c4+ 48. Kc2 Kf3 49. Bf5 Ke2 50. Be4 d3+ 51. Kxc3 d2 52. Bc2 d1=Q 53.
Bxd1+ Kxd1 54. Kxc4 Ke2 55. Kb3 Kf3 56. Kxa3 Kxg4 57. Kb4 f5 58. a4 f4 59. a5
f3 60. a6 f2 61. a7 f1=Q 62. a8=Q Kg3 63. Kc5 g4 64. Qb8+ Kg2 65. Kd4 Qf2+ 66.
Kc4 g3 67. Qb7+ Qf3 68. Qb2+ Kg1 69. Qd4+ Qf2 70. Qg4 g2 71. Kd3 Kh2 72. Qh5+
Kg3 73. Qg5+ Kh3 74. Qh5+ Qh4 75. Qf5+ Qg4 76. Qh7+ Kg3 77. Qc7+ Kh3 78. Qh7+
Qh4 79. Qf5+ Kh2 0-1

[Event "Godesberg 2- Niederkassel"]
[Site "?"]
[Date "2022.10.30"]
[Round "3.1"]
[White "Stanetzek, Carsten"]
[Black "Mantau, Jan"]
[Result "1-0"]
[WhiteElo "2175"]
[BlackElo "2184"]
[PlyCount "119"]
[SourceVersionDate "2023.06.22"]

1. e4 c5 2. Nf3 d6 3. Bb5+ Bd7 4. Bxd7+ Nxd7 5. O-O Ngf6 6. Qe2 e6 7. b3 Be7 8.
Bb2 O-O 9. c4 Qc7 10. d4 cxd4 11. Nxd4 a6 12. Nc3 Rac8 13. Rad1 Ne5 14. Rd2
Rfd8 15. Rfd1 Nc6 16. h3 Nxd4 17. Rxd4 Qa5 18. a4 Nd7 19. R4d3 Ne5 20. R3d2 Qb6
21. Ba1 Bg5 22. Rb2 Bf6 23. Rbb1 h6 24. Kh1 Nc6 25. f4 Kh7 26. Qf3 Qc5 27. Ne2
Bxa1 28. Rxa1 g6 29. Ra2 b5 30. cxb5 axb5 31. Rc1 Qb4 32. Rac2 Ne7 33. Rxc8
Rxc8 34. Rxc8 Nxc8 35. f5 exf5 36. exf5 Ne7 37. fxg6+ Kxg6 38. Qd3+ Kg7 39.
Qxb5 Qe1+ 40. Kh2 Ng6 41. Ng3 Ne5 42. Qd5 Qf2 43. Qe4 Kf6 44. a5 Ke6 45. a6 Qb6
46. Qb7 Qxb7 47. axb7 Nc6 48. Kg1 f5 49. Kf2 f4 50. Ne2 Kd7 51. Kf3 Kc7 52.
Kxf4 Kxb7 53. Kg4 Kb6 54. Kh5 Kc5 55. Kxh6 Kb4 56. Kg5 Kxb3 57. h4 Kc4 58. h5
Ne5 59. Kf5 Kd3 60. Nf4+ 1-0

[Event "Godesberg 2- Niederkassel"]
[Site "?"]
[Date "2022.10.30"]
[Round "3.2"]
[White "Wecker, Martin"]
[Black "Kneutgen, Alexander"]
[Result "1/2-1/2"]
[WhiteElo "2164"]
[BlackElo "2021"]
[PlyCount "31"]
[SourceVersionDate "2023.06.22"]

1. Nf3 d5 2. g3 Nf6 3. Bg2 g6 4. d4 Bg7 5. c4 c6 6. Qb3 O-O 7. Nc3 dxc4 8. Qxc4
Be6 9. Qa4 Qb6 10. O-O Qa6 11. Qxa6 Nxa6 12. Bf4 Rfd8 13. Rfd1 Nd5 14. Nxd5
Bxd5 15. Ne5 Bxg2 16. Kxg2 1/2-1/2

[Event "Godesberg 2- Niederkassel"]
[Site "?"]
[Date "2022.10.30"]
[Round "3.3"]
[White "Schracke, Thomas"]
[Black "Stenzel, Thomas"]
[Result "1/2-1/2"]
[WhiteElo "2149"]
[BlackElo "2160"]
[PlyCount "134"]
[SourceVersionDate "2023.06.22"]

1. e4 e6 2. d4 d5 3. e5 c5 4. Nf3 Nc6 5. Bd3 cxd4 6. O-O f6 7. Bb5 Bd7 8. Bxc6
bxc6 9. Qxd4 Qb6 10. Qh4 Qb4 11. Qxb4 Bxb4 12. b3 Ne7 13. Bb2 O-O 14. c3 Bc5
15. Nbd2 a5 16. a3 Ng6 17. b4 Be7 18. exf6 gxf6 19. Nb3 a4 20. Nc5 Bxc5 21.
bxc5 Ra5 22. c4 Rxc5 23. cxd5 cxd5 24. Rac1 Rb5 25. Bd4 e5 26. Bc5 Rc8 27. Bb4
Nf4 28. Rxc8+ Bxc8 29. h3 Bf5 30. Nh4 Bc2 31. g3 Ne2+ 32. Kh2 d4 33. Nf3 Kf7
34. Re1 d3 35. Nd2 Nd4 36. Re3 Nb3 37. Ne4 Ke6 38. Rf3 Rxb4 39. axb4 d2 40.
Nxd2 Nxd2 41. Rc3 Be4 42. b5 Nf3+ 43. Kg2 Nd4+ 44. Kh2 Kd6 45. b6 Nb5 46. Rc4
Nd4 47. Rxa4 Bb7 48. g4 Kc5 49. Kg3 Kxb6 50. Kh4 Be4 51. Rc4 Bd3 52. Rc8 Bg6
53. Kg3 f5 54. gxf5 Nxf5+ 55. Kg4 Nd4 56. Rc3 Nc6 57. Kg5 Kc7 58. Kf6 Kd6 59.
Rc1 Ne7 60. h4 Nd5+ 61. Kg5 Nf4 62. f3 Ke6 63. Ra1 Kd5 64. Rd1+ Ke6 65. Ra1 Kd5
66. Ra4 Ke6 67. Ra5 Nh5 1/2-1/2

[Event "Godesberg 2- Niederkassel"]
[Site "?"]
[Date "2022.10.30"]
[Round "3.5"]
[White "Konzen, Horst"]
[Black "Mueller- Boge, Michael"]
[Result "0-1"]
[WhiteElo "2004"]
[BlackElo "2015"]
[PlyCount "94"]
[SourceVersionDate "2023.06.22"]

1. d4 Nf6 2. c4 g6 3. Nc3 d5 4. e3 Bg7 5. Nf3 O-O 6. Qb3 e6 7. Bd2 b6 8. Rc1
Ba6 9. cxd5 Bxf1 10. Kxf1 exd5 11. g3 c6 12. Kg2 Nbd7 13. Rhd1 Rc8 14. Be1 Qe7
15. Qa4 Rc7 16. b4 Rfc8 17. Qb3 h6 18. a4 a6 19. Rc2 g5 20. h3 Bf8 21. Rb2 Qe6
22. Qa2 Ne8 23. Qb1 Nd6 24. Re2 f5 25. Qd3 Ne4 26. Na2 h5 27. Qxa6 g4 28. Ng1
Ng5 29. Qd3 gxh3+ 30. Nxh3 Nxh3 31. Kxh3 f4+ 32. Kg2 Re8 33. Nc1 fxg3 34. fxg3
Nf6 35. Rf2 Rg7 36. Rf3 h4 37. Ne2 Ng4 38. Bd2 Bd6 39. Rdf1 hxg3 40. Nf4 Bxf4
41. Rxf4 Nf2 42. Qf5 Qh6 43. Rg1 Qh2+ 44. Kf1 Nh3 45. Rg4 Qxg1+ 46. Ke2 Qh2+
47. Ke1 Qf2+ 0-1

[Event "Godesberg 2- Niederkassel"]
[Site "?"]
[Date "2022.10.30"]
[Round "3.7"]
[White "Kuhn, Andreas"]
[Black "Biedekoepper, Robert"]
[Result "1/2-1/2"]
[WhiteElo "1856"]
[BlackElo "1977"]
[PlyCount "41"]
[SourceVersionDate "2023.06.22"]

1. d4 Nf6 2. c4 e6 3. g3 d5 4. Bg2 dxc4 5. Nf3 a6 6. a4 c5 7. O-O Nc6 8. Be3
Nd5 9. Na3 Nxe3 10. fxe3 Be7 11. Nxc4 O-O 12. Qd3 Nb4 13. Qd2 Rb8 14. a5 Bd7
15. Rfc1 Bb5 16. Nb6 Nc6 17. dxc5 Qxd2 18. Nxd2 Bxe2 19. Nb3 Rfd8 20. Bxc6 bxc6
21. Nd4 1/2-1/2

[Event "Godesberg 2- Niederkassel"]
[Site "?"]
[Date "2022.10.30"]
[Round "3.8"]
[White "Ivanov, Alexander"]
[Black "Neu, Martin"]
[Result "0-1"]
[WhiteElo "1915"]
[BlackElo "1643"]
[PlyCount "56"]
[SourceVersionDate "2023.06.22"]

1. e4 c5 2. Nf3 e6 3. g3 d5 4. exd5 exd5 5. d4 Nf6 6. Bg2 cxd4 7. O-O Be7 8.
Nxd4 O-O 9. c3 Bg4 10. Qb3 Qd7 11. Bg5 Nc6 12. Re1 h6 13. Be3 a6 14. Nd2 Rac8
15. N2f3 Na5 16. Qc2 Bd6 17. Nh4 Rfe8 18. Nhf5 Nc4 19. Nxd6 Nxe3 20. Qd3 Qxd6
21. Rxe3 Rxe3 22. Qxe3 Re8 23. Qd3 Qe5 24. f3 Bh5 25. Kf2 Nd7 26. Qd2 Nc5 27.
Re1 Qxe1+ 28. Qxe1 Nd3+ 0-1

[Event "Ennepe- Ruhr- Solingen 4"]
[Site "?"]
[Date "2022.10.30"]
[Round "3.1"]
[White "Blasek, Ralph"]
[Black "Arndt, Stefan"]
[Result "1/2-1/2"]
[WhiteElo "2214"]
[BlackElo "2176"]
[PlyCount "130"]
[SourceVersionDate "2023.06.22"]

1. d4 d5 2. Bf4 Nf6 3. Nf3 e6 4. Nc3 Bd6 5. e3 O-O 6. Bd3 b6 7. g4 Ba6 8. g5
Nh5 9. Bg3 Bxd3 10. Qxd3 c5 11. Nb5 c4 12. Qe2 Be7 13. Ne5 g6 14. h4 a6 15. Nc3
b5 16. Qg4 Bb4 17. O-O Bd6 18. e4 Nxg3 19. fxg3 Bxe5 20. dxe5 d4 21. Ne2 Nc6
22. Rad1 Qb6 23. Kg2 d3 24. cxd3 Nxe5 25. Qf4 Nxd3 26. Qf3 Qc5 27. b3 Qe5 28.
Qe3 Nc5 29. bxc4 Qxe4+ 30. Qxe4 Nxe4 31. Rd4 Nc5 32. cxb5 axb5 33. Nc3 Ra3 34.
Rf3 Na4 35. Nxb5 Rxa2+ 36. Kh3 Nb6 37. Rd6 Nd5 38. Rd7 Rc2 39. Ra7 Rc5 40. Rb7
Rc6 41. Rd7 Nb6 42. Rb7 Nc4 43. Ra7 Rc5 44. Nc3 Rf5 45. Rd3 Ne5 46. Rd6 Nc4 47.
Rc6 Ne3 48. Rd7 Rf1 49. Rd2 Rh1+ 50. Rh2 Rc1 51. Re2 Nf5 52. Rd2 Kg7 53. Rc5
Ra8 54. Ne4 Rxc5 55. Nxc5 Ra3 56. Rd3 Rxd3 57. Nxd3 Ne3 58. g4 f6 59. gxf6+
Kxf6 60. Nc5 Nd5 61. Kg3 Nb6 62. Kf4 h6 63. g5+ hxg5+ 64. hxg5+ Ke7 65. Ke5
Nc4+ 1/2-1/2

[Event "Ennepe- Ruhr- Solingen 4"]
[Site "?"]
[Date "2022.10.30"]
[Round "3.2"]
[White "Tripolsky, Eugen"]
[Black "Fichtner, Ewald"]
[Result "1-0"]
[WhiteElo "2275"]
[BlackElo "2027"]
[Annotator "daniel"]
[PlyCount "99"]
[SourceVersionDate "2023.06.22"]

1. d4 c6 2. c4 d5 3. Nc3 Nf6 4. Nf3 dxc4 5. e4 b5 6. e5 Nd5 7. a4 e6 8. Ng5 h6
9. Nge4 b4 10. Nb1 Ba6 11. Nbd2 c3 12. Nc4 Bxc4 13. Bxc4 Nd7 14. O-O cxb2 15.
Bxb2 a5 16. Qg4 g6 17. Rfd1 Be7 18. Rac1 O-O 19. Bd3 Rc8 20. Nd6 Bxd6 21. exd6
N7f6 22. Qg3 Nh5 23. Qe5 Qd7 24. Rc5 Nhf4 25. Bf1 f6 26. Qe4 Qxd6 27. g3 f5 28.
Qc2 Nh5 29. Rxa5 Nhf6 30. Rc1 Ne4 31. Ra6 Nec3 32. Bc4 Ra8 33. Rxa8 Rxa8 34.
Ra1 Nb6 35. Bb3 Nbd5 36. a5 Ra7 37. Qd3 h5 $11 38. a6 h4 39. Bc4 Qe7 40. Qf3
Ne4 41. Qe2 hxg3 42. hxg3 g5 43. Bd3 Ndf6 44. Kg2 g4 45. Rh1 Ng5 46. d5 cxd5
47. Qe3 Nh3 48. Bxf6 Qd7 49. Bd4 Ra8 50. Qe5 1-0

[Event "Ennepe- Ruhr- Solingen 4"]
[Site "?"]
[Date "2022.10.30"]
[Round "3.3"]
[White "Hannawald, Anton"]
[Black "Heller, Achim"]
[Result "1-0"]
[WhiteElo "1958"]
[BlackElo "2025"]
[Annotator "daniel"]
[PlyCount "63"]
[SourceVersionDate "2023.06.22"]

1. e4 c6 2. d4 d5 3. e5 Bf5 4. Nf3 e6 5. Be2 c5 6. Be3 Qb6 7. Nc3 Nc6 8. O-O
Qxb2 9. Nb5 c4 10. Nc7+ Kd7 11. Nxa8 Bxc2 12. Qc1 Ba3 13. Rb1 Bxb1 14. Qxb2
Bxb2 15. Rxb1 c3 16. Bd2 Kc8 17. Bc1 Kb8 18. Bxb2 cxb2 19. Nb6 axb6 20. Ng5 $11
Nh6 21. Rxb2 Nxd4 22. Bd3 Rc8 23. h4 Rc1+ 24. Bf1 Kc7 25. Nxh7 Ng4 26. Rd2 Nf5
27. g3 Nxe5 28. Kg2 f6 29. h5 Nc4 30. Bxc4 Rxc4 31. f3 Rc2 32. Rxc2+ 1-0

[Event "Ennepe- Ruhr- Solingen 4"]
[Site "?"]
[Date "2022.10.30"]
[Round "3.4"]
[White "Bruchmann, Norbert"]
[Black "Rittmann, Dirk"]
[Result "1/2-1/2"]
[WhiteElo "2052"]
[BlackElo "2122"]
[PlyCount "160"]
[SourceVersionDate "2023.06.22"]

1. e4 c5 2. Nc3 Nc6 3. Bb5 d6 4. Bxc6+ bxc6 5. d3 g6 6. f4 Bg7 7. Nf3 Nf6 8.
O-O O-O 9. Qe1 Nd7 10. f5 e5 11. b3 f6 12. g4 g5 13. h4 h6 14. Kg2 Rf7 15. Rh1
Nf8 16. Na4 Nh7 17. Bd2 Rb8 18. Ba5 Qe7 19. c4 Bd7 20. Qg3 Rb7 21. Bd2 Bc8 22.
Rh3 Kf8 23. Rah1 Ke8 24. R1h2 Bd7 25. Kf1 Kd8 26. Qg1 Be8 27. Ke2 Kc8 28. Be3
Bf8 29. Rg3 Kb8 30. Qc1 Kc8 31. Rg1 Kb8 32. Rgh1 Rg7 33. hxg5 hxg5 34. Rh3 Kc8
35. Nd2 Kb8 36. Qc3 Qd8 37. Kf3 Qc7 38. Nf1 Qd8 39. Ng3 Rgd7 40. Ke2 Rg7 41.
Qe1 Rgd7 42. R1h2 Rf7 43. Qh1 Qd7 44. Qg1 Qd8 45. Bd2 Kc8 46. Qe1 Kb8 47. Ba5
Qd7 48. Qg1 Kc8 49. Nf1 Kb8 50. Ne3 Kc8 51. Qh1 Kb8 52. Kf3 Kc8 53. Rb2 Kb8 54.
Nc3 Ka8 55. Kg3 Qc8 56. Rb1 Qd7 57. Rh2 Qc8 58. a3 Qd7 59. b4 cxb4 60. axb4 Qc8
61. Nc2 Qd7 62. Na3 Rg7 63. Ra1 Kb8 64. Rb1 Qf7 65. Qc1 Be7 66. b5 Kc8 67. bxc6
Bxc6 68. Nd5 Bd8 69. Bxd8 Kxd8 70. Rhb2 Bxd5 71. cxd5 Qc7 72. Nc4 Rxb2 73. Qxb2
Rd7 74. Qh2 Qc5 75. Rb8+ Kc7 76. Rb2 Qd4 77. Qd2 Qg1+ 78. Kf3 Qf1+ 79. Kg3 Qg1+
80. Qg2 Qd4 1/2-1/2

[Event "Ennepe- Ruhr- Solingen 4"]
[Site "?"]
[Date "2022.10.30"]
[Round "3.5"]
[White "Goerke, Joachim"]
[Black "Schaefer, Martin"]
[Result "1-0"]
[WhiteElo "2137"]
[BlackElo "1943"]
[PlyCount "111"]
[SourceVersionDate "2023.06.22"]

1. d4 d5 2. c4 e6 3. Nc3 Nf6 4. Bg5 Be7 5. Nf3 O-O 6. e3 b6 7. Bd3 dxc4 8. Bxc4
Ba6 9. Qe2 Bxc4 10. Qxc4 Nbd7 11. O-O c5 12. Rfd1 Qb8 13. e4 Qb7 14. d5 exd5
15. exd5 Rfe8 16. Rd3 a6 17. d6 Bf8 18. Bxf6 Nxf6 19. Nd5 Nxd5 20. Qxd5 Qxd5
21. Rxd5 Rad8 22. d7 Re7 23. Rad1 f6 24. Rd6 b5 25. Kf1 Kf7 26. Rxa6 Rexd7 27.
Rxd7+ Rxd7 28. Ke2 g6 29. g4 Bd6 30. h4 h6 31. Rb6 b4 32. Nd2 Be5 33. Nc4 Bd4
34. a3 Re7+ 35. Kf3 bxa3 36. bxa3 Re1 37. a4 Rc1 38. Nd6+ Ke7 39. Nb5 Rc4 40.
Nxd4 cxd4 41. a5 Ra4 42. a6 d3 43. Rb7+ Ke6 44. a7 Ra3 45. Ke3 h5 46. f3 f5 47.
Rb6+ Kd5 48. Rxg6 hxg4 49. fxg4 f4+ 50. Kxf4 Rxa7 51. Ke3 Ra3 52. h5 Kc4 53.
Rg8 Rc3 54. h6 Kb3 55. Kd2 Rc6 56. h7 1-0